Mundialización y regionalización, ¿caras de la misma moneda? /

Αποθηκεύτηκε σε:
Λεπτομέρειες βιβλιογραφικής εγγραφής
Κύριος συγγραφέας: Marín López, Efrén Cuauhtémoc
Μορφή: Κείμενο
Θέματα:
Ετικέτες: Προσθήκη ετικέτας
Δεν υπάρχουν, Καταχωρήστε ετικέτα πρώτοι!

MARC

LEADER 00000 a a2200000 04500
001 5312
003
040
100 |a Marín López, Efrén Cuauhtémoc  
245 |a Mundialización y regionalización, ¿caras de la misma moneda? /  |c Efrén Cuauhtémoc Marín López 
650 |a TLCAN  
650 |a INTEGRACION REGIONAL  
650 |a GLOBALIZACION  
773 |g número 289; páginas 34-41  
999 |c 22491  |d 22491